00446 2200181 4500001002100000005001500021008004100036020002200077035001900099041000700118082001000125090001600135100002400151245002100175260002800196300002800224650001200252INLIS00000000000641920241224113304241224||||||||| | ||| |||| || |  a978-602-1507-44-5 0010-1224006419 aid0 a571.3 a571.3 IST b0 aIstirochah Pujiwati00aBiologi Tumbuhan amalangbINTIMEDIAc2017 avii,86 hlm.:ilus.;21 cm 0aBiologi